Top des communes de France par lettre - X - Statistiques

Statistiques générales
  • Ce quiz a été pris 41 fois
  • Le résultat moyen est 7 sur 9
Statistiques - réponses
Question Tuile Select % Correct
Sélectionnez les communes françaises de plus de 1.000 habitants commençant par "X" ! Katmandou Non
97%
Sélectionnez les communes françaises de plus de 1.000 habitants commençant par "X" ! Xanax Non
95%
Sélectionnez les communes françaises de plus de 1.000 habitants commençant par "X" ! Xiaomy Non
95%
Sélectionnez les communes françaises de plus de 1.000 habitants commençant par "X" ! Xerxès Non
89%
Sélectionnez les communes françaises de plus de 1.000 habitants commençant par "X" ! Xakerplou Non
84%
Sélectionnez les communes françaises de plus de 1.000 habitants commençant par "X" ! Xertigny Oui
81%
Sélectionnez les communes françaises de plus de 1.000 habitants commençant par "X" ! Xérès Non
78%
Sélectionnez les communes françaises de plus de 1.000 habitants commençant par "X" ! Xonrupt-Longemer Oui
62%
Sélectionnez les communes françaises de plus de 1.000 habitants commençant par "X" ! Xouaxange Non
62%
Aucun quiz correspondant
Distribution des résultats
% des personnes avec chaque résultat
Percentile par nombre de réponses
Votre historique - résultats
Vous n’avez pas pris ce quiz